000 00751nam a2200289Ia 4500
005 20260324111747.0
008 008 260324s9999 xx 000 0 eng d
020 _a9781003537182
037 _aEBOOK
040 _aCRL
040 _beng
040 _cCRL
041 _2eng
041 _aeng
084 _qCRL
100 _aThomas Albright
_91139903
245 0 _aAgential Schooling
245 2 _bA Posthumanist Exploration of Schools, Classrooms, and Youth Participatory Action Research with Diverse Students
260 _bTaylor and Francis
260 _c2025
365 _a
365 _b230
856 _uhttp://www.taylorfrancis.com/books/9781003537182
942 _cEBOOK
999 _c1728820
_d1728820